| 000 | 00698nam a2200205 4500 | ||
|---|---|---|---|
| 001 | 15735 | ||
| 010 | _a9789897544682 | ||
| 021 | _b475507/20 | ||
| 090 | _a15735 | ||
| 100 | _a20210618d2021 m y0pory50030103ba | ||
| 200 | 1 |
_aKarma e o caminho para a felicidade _ecomo compreender o passado e construir o futuro _fCristina Candeias _gpref. Jorge Gabriel |
|
| 205 | _a1ยช ed. | ||
| 210 | 9 |
_aBarcarena _cMarcador, _d2021 |
|
| 215 |
_a137, [3] p. _cil. _d23 cm |
||
| 675 |
_a133.2 _vBN _zpor |
||
| 700 | 1 |
_aCandeias, _bCristina, _f1966- |
|
| 702 | 1 |
_aGabriel, _bJorge, _f1968- |
|
| 801 | 0 |
_aPT _bBN _gRPC |
|
| 856 | 4 | 1 | _uhttp://rnod.bnportugal.gov.pt/ImagesBN/winlibimg.aspx?skey=&doc=2073253&img=151443&save=true |
| 990 | _cLIVROS | ||